000 00201 a2200085 4500
020 _a978-0194202466
100 _aMichael Swan
245 _aPractical English Usage
260 _bOxford University Press
_c2016
999 _c13192
_d13192